New Zealand Rugby - Maori Player of the Year - Statistics

General Stats
  • This quiz has been taken 197 times
    29 since last reset
  • The average score is 9 of 52
Answer Stats
Hint Answer % Correct
2014 Aaron Smith
83%
1949 Johnny Smith
78%
2008 Piri Weepu
65%
2018 Codie Taylor
43%
2016 Dane Coles
43%
1981 Frank Shelford
43%
1985 Wayne Shelford
43%
2002 Carlos Spencer
39%
1995 Robin Brooke
39%
1992 Zinzan Brooke
39%
2015 Nehe Milner-Skuder
35%
1980 Hika Reid
26%
2010 Hosea Gear
26%
2012 Liam Messam
26%
2005 Rico Gear
26%
2017 Rieko Ioane
26%
1967 Sid Going
26%
1993 Arran Pene
22%
1975 Bill Bush
17%
2004 Carl Hayman
17%
1977 Bill Osborne
13%
2001 Caleb Ralph
13%
1986 Frano Botica
13%
1991 John Timu
13%
1973 Tane Norton
13%
1962 Waka Nathan
13%
2020 Ash Dixon
9%
2007 Daniel Braid
9%
1996 Errol Brain
9%
2022 Ruahei Demant
9%
1990 Steve McDowall
9%
1998 Tony Brown
9%
2000 Daryl Gibson
4%
1997 Mark Mayerhofler
4%
1999 Norman Maxwell
4%
2019 Sarah Hirini
4%
1982 Steven Pokere
4%
2009 Zac Guildford
4%
1956 Bill Gray
0%
1959 Bill Wordley
0%
1978 Eddie Dunn
0%
1952 Keith Davis
0%
1976 Kent Lambert
0%
1960 Mac Herewini
0%
1950 Manahi Paewai
0%
1984 Mike Clamp
0%
1957 Muru Walters
0%
1955 Pat Walsh
0%
1951 Percy Erceg
0%
1964 Ron Rangi
0%
1979 Vance Stewart
0%
1961 Victor Yates
0%
No matching quizzes found
Score Distribution
Percent of People with Each Score
Percentile by Number Answered
Your Score History
You have not taken this quiz since the last reset